00832cam a22002171 4500001001300000003000400013005001700017008004100034010001700075040004500092050002300137082001100160110004000171245020700211260004400418300001800462490002100480650003700501810005900538999001700597pa 60000034 DLC20260227111855.0780321s1959 dcu i000 0 eng c apa 60000034  aPan American Union. LibrarycWMaUCSdDLC00aKZ6368b.I578 195900a341.652 aInter-American Juridical Committee.10aInstrument relating to violations of the principle of non-intervention.bDraft and report prepared in accordance with Resolution VII of the fifth Meeting of Consultation of Ministers of Foreign Affairs. aWashington,bPan American Union,c1959. a29 p.c28 cm.1 aCIJ-51 (English) 0aIntervention (International law)2 aInter-American Council of Jurists.tCIJ, English,v51. c51428d51428